| 000 | 02797cam a22006854i 4500 | ||
|---|---|---|---|
| 003 | PE-LiUPU | ||
| 005 | 20250731170456.0 | ||
| 008 | 150706s r 000 0 d | ||
| 020 | _a9786123026066 | ||
| 035 | _a(Sirsi) i9786123026066 | ||
| 040 |
_aPE-LiUPU _bspa _cPE-LiUPU _erda |
||
| 049 | _aPRUA | ||
| 082 | 0 | 4 |
_a154.63 _bA59 _221 |
| 100 | 1 |
_aAntón Villacorta, Julio, _eautor. |
|
| 245 | 1 | 4 |
_aLos sueños en el dibujo : _buna aventura por el mundo onírico de los alumnos de secundaria / _cJulio Antón Villacorta. |
| 250 | _a1a ed. | ||
| 264 | 1 |
_aLima : _bSan Marcos, _c2011. |
|
| 300 |
_a155 páginas : _bilustraciones ; _c21 cm. |
||
| 336 |
_atext _2rdacontent |
||
| 337 |
_aunmediated _2rdamedia |
||
| 338 |
_avolume _2rdacarrier |
||
| 504 | _aIncluye bibliografía. | ||
| 505 | 0 | _aSueños reales -- Personas solas -- Personas flotando -- Caer al vacío y ahogarse -- Discusión entre personas -- Sueños y asesinatos -- Soñar con atropellos -- Soñar con la muerte -- Soñar con figuras diabólicas -- Soñar con animales en actos de persecución y enfrentamiento -- Soñar con insectos -- Soñar con ovnis -- Sueños eróticos -- Sueños variados. | |
| 526 | _aSEG68 | ||
| 526 | _aSEG70 | ||
| 526 | _aSEG69 | ||
| 526 | _aSEG67 | ||
| 526 | _aSEG43 | ||
| 526 | _aP144 | ||
| 526 | _aP143 | ||
| 526 | _aP131 | ||
| 526 | _aP122 | ||
| 526 | _aP120 | ||
| 526 | _aP117 | ||
| 526 | _aP112 | ||
| 526 | _aP110 | ||
| 526 | _aP106 | ||
| 526 | _aP101 | ||
| 526 | _aP80 | ||
| 526 | _aP59 | ||
| 526 | _aP54 | ||
| 526 | _aP35 | ||
| 526 | _aP33 | ||
| 526 | _aP30 | ||
| 650 | 0 | 4 |
_aSueños de adolescentes _xAspectos psicológicos. |
| 650 | 0 | 4 |
_aSueños de adolescentes _xInvestigación _zPerú _zLima. |
| 650 | 0 | 4 | _aInterpretación del sueño. |
| 650 | 0 | 4 |
_aEscolares _zPerú _xPsicología. |
| 650 | 0 | 4 | _aSueños en el arte. |
| 910 |
_agl _cbd _d20130508 |
||
| 942 |
_2ddc _cBOOK |
||
| 949 |
_a154.63 A59 _wDEWEY _c1 _i66510 _lCCODEBUL1 _mBUL _p8.00 _r0 _sY _tBOOK _u2015-7-6 _xBIBLIOTECA _zUNKNOWN _o.STAFF. Colección General |
||
| 949 |
_a154.63 A59 _wDEWEY _c2 _i66511 _lCCODEBUL1 _mBUL _p8.00 _r0 _sY _tBOOK _u2015-7-6 _xBIBLIOTECA _zUNKNOWN _o.STAFF. Colección General |
||
| 994 |
_aC0 _bPEPRU |
||
| 596 | _a1 | ||
| 999 |
_a154.63 A59 _wDEWEY _c54677 _i66510 _d54677 _e2017-9-14 _f2017-2-16 _g1 _kCHECKEDOUT _lCCODEBUL1 _mBUL _n3 _p8.00 _rM _sY _tBOOK _u2015-7-6 _xSALUD _zUNKNOWN _0COMPRA _o.STAFF. Colección General |
||
| 999 |
_a154.63 A59 _wDEWEY _c2 _i66511 _d2022-7-7 _e2019-9-9 _f2021-11-3 _g5 _lCCODEBUL1 _mBUL _n6 _p8.00 _q3 _r0 _sY _tBOOK _u2015-7-6 _xSALUD _zUNKNOWN _0COMPRA _o.STAFF. Colección General |
||
| 980 |
_81 _gALBERTO SANCHEZ Responsable de Automatización |
||